|
|
|
|
| LEADER |
00000cam a2200000 7i4500 |
| 001 |
0000091186 |
| 005 |
20230403145943.0 |
| 008 |
230403 eng |
| 020 |
|
|
|a 9789670481104 (
|q hardback)
|
| 040 |
|
|
|e rda
|
| 041 |
|
|
|a English
|
| 090 |
0 |
0 |
|a JP
|b ENG
|
| 100 |
0 |
|
|a Emila Yusof ,
|e (author)
|
| 245 |
0 |
0 |
|a My mothers's kitchen
|c Emila Yusof
|
| 264 |
|
1 |
|a Bangsar, Kuala Lumpur :
|b Creative Media Sdn Bhd
|c 2022
|
| 300 |
|
|
|a 25 unnumbered pages :
|b colour illustrations ;
|c 24 cm.
|
| 336 |
|
|
|a text
|2 rdacontent
|
| 337 |
|
|
|a unmediated
|2 rdamedia
|
| 338 |
|
|
|a volume
|2 rdacarrier
|
| 500 |
|
|
|a Children age 4-6 years old (yellow)
|
| 541 |
|
|
|c Purchased on 2022
|f 00363 AIR
|h RM30.00
|
| 650 |
|
0 |
|a Children's stories, English
|
| 650 |
|
0 |
|a Malaysian fiction (English)
|
| 999 |
|
|
|a 0001717004
|b Book
|c Children Collection
|e Perbadanan Perpustakaan Awam Johor
|
| 999 |
|
|
|a 0001717005
|b Book
|c Children Collection
|e Cawangan AEON Kulaijaya
|
| 999 |
|
|
|a 0001717006
|b Book
|c Children Collection
|e Cawangan Urban Transformation Centre
|
| 999 |
|
|
|a 0001717007
|b Book
|c Children Collection
|e Cawangan Pontian
|
| 999 |
|
|
|a 0001717008
|b Book
|c Children Collection
|e Cawangan Batu Pahat
|
| 999 |
|
|
|a 0001717009
|b Book
|c Children Collection
|e Cawangan Kota Tinggi
|
| 999 |
|
|
|a 0001717010
|b Book
|c Children Collection
|e Cawangan Mersing
|
| 999 |
|
|
|a 0001717011
|b Book
|c Children Collection
|e Cawangan Tmn. Ungku Tun Aminah
|
| 999 |
|
|
|a 0001717012
|b Book
|c Children Collection
|e Cawangan Tangkak
|
| 999 |
|
|
|a 0001717013
|b Book
|c Children Collection
|e Cawangan Bukit Gambir
|
| 999 |
|
|
|a 0001717014
|b Book
|c Children Collection
|e Cawangan Muar
|
| 999 |
|
|
|a 0001717015
|b Book
|c Children Collection
|e Cawangan Bandar Penawar
|
| 999 |
|
|
|a 0001717016
|b Book
|c Children Collection
|e Cawangan Bandar Tenggara
|
| 999 |
|
|
|a 0001717017
|b Book
|c Children Collection
|e Cawangan Segamat
|
| 999 |
|
|
|a 0001717018
|b Book
|c Children Collection
|e Cawangan Taman Sri Lambak
|
| 999 |
|
|
|a 0001717019
|b Book
|c Children Collection
|e Perbadanan Perpustakaan Awam Johor
|
| 999 |
|
|
|a 0001717020
|b Book
|c Children Collection
|e Cawangan Taman Universiti
|
| 999 |
|
|
|a 0001717793
|b Book
|c Children Collection
|e Desa - PPAJ
|
| 999 |
|
|
|a 0001717794
|b Book
|c Children Collection
|e Desa - PPAJ
|
| 999 |
|
|
|a 0001717795
|b Book
|c Children Collection
|e Desa - PPAJ
|
| 999 |
|
|
|a 0001717796
|b Book
|c Children Collection
|e Desa - PPAJ
|
| 999 |
|
|
|a 0001717797
|b Book
|c Children Collection
|e Desa - PPAJ
|
| 999 |
|
|
|a 0001717798
|b Book
|c Children Collection
|e Desa - PPAJ
|
| 999 |
|
|
|a 0001717799
|b Book
|c Children Collection
|e Desa - PPAJ
|
| 999 |
|
|
|a 0001717800
|b Book
|c Children Collection
|e Desa - PPAJ
|
| 999 |
|
|
|a 0001717801
|b Book
|c Children Collection
|e Desa - PPAJ
|
| 999 |
|
|
|a 0001717802
|b Book
|c Children Collection
|e Desa - PPAJ
|
| 999 |
|
|
|a 0001717803
|b Book
|c Children Collection
|e Desa - PPAJ
|
| 999 |
|
|
|a 0001717804
|b Book
|c Children Collection
|e Desa - PPAJ
|
| 999 |
|
|
|a 0001717805
|b Book
|c Children Collection
|e Desa - PPAJ
|
| 999 |
|
|
|a 0001717806
|b Book
|c Children Collection
|e Desa - PPAJ
|
| 999 |
|
|
|a 0001717807
|b Book
|c Children Collection
|e Desa - PPAJ
|
| 999 |
|
|
|a 0001717808
|b Book
|c Children Collection
|e Desa - PPAJ
|
| 999 |
|
|
|a 0001717809
|b Book
|c Children Collection
|e Desa - PPAJ
|
| 999 |
|
|
|a 0001717810
|b Book
|c Children Collection
|e Desa - PPAJ
|
| 999 |
|
|
|a 0001717811
|b Book
|c Children Collection
|e Desa - PPAJ
|
| 999 |
|
|
|a 0001717812
|b Book
|c Children Collection
|e Desa - PPAJ
|
| 999 |
|
|
|a 0001717813
|b Book
|c Children Collection
|e Desa - PPAJ
|
| 999 |
|
|
|a 0001717814
|b Book
|c Children Collection
|e Desa - PPAJ
|
| 999 |
|
|
|a 0001717815
|b Book
|c Children Collection
|e Desa - PPAJ
|
| 999 |
|
|
|a 0001717816
|b Book
|c Children Collection
|e Desa - PPAJ
|
| 999 |
|
|
|a 0001717817
|b Book
|c Children Collection
|e Desa - PPAJ
|
| 999 |
|
|
|a 0001717818
|b Book
|c Children Collection
|e Desa - PPAJ
|
| 999 |
|
|
|a 0001717819
|b Book
|c Children Collection
|e Desa - PPAJ
|
| 999 |
|
|
|a 0001717820
|b Book
|c Children Collection
|e Desa - PPAJ
|
| 999 |
|
|
|a 0001717821
|b Book
|c Children Collection
|e Desa - PPAJ
|
| 999 |
|
|
|a 0001717822
|b Book
|c Children Collection
|e Desa - PPAJ
|
| 999 |
|
|
|a 0001717823
|b Book
|c Children Collection
|e Desa - PPAJ
|
| 999 |
|
|
|a 0001717824
|b Book
|c Children Collection
|e Desa - PPAJ
|
| 999 |
|
|
|a 0001717825
|b Book
|c Children Collection
|e Desa - PPAJ
|
| 999 |
|
|
|a 0001717826
|b Book
|c Children Collection
|e Desa - PPAJ
|
| 999 |
|
|
|a 0001717827
|b Book
|c Children Collection
|e Desa - PPAJ
|
| 999 |
|
|
|a 0001717828
|b Book
|c Children Collection
|e Desa - PPAJ
|
| 999 |
|
|
|a 0001717829
|b Book
|c Children Collection
|e Desa - PPAJ
|
| 999 |
|
|
|a 0001717830
|b Book
|c Children Collection
|e Desa - PPAJ
|
| 999 |
|
|
|a 0001717831
|b Book
|c Children Collection
|e Desa - PPAJ
|
| 999 |
|
|
|a 0001717832
|b Book
|c Children Collection
|e Desa - PPAJ
|
| 999 |
|
|
|a 0001717833
|b Book
|c Children Collection
|e Desa - PPAJ
|